[Event "FIDE World Senior Team Championship 202"]
[Site "Olympik hotel, Sokolovska 138"]
[Date "2020.03.10"]
[Round "5.3"]
[White "Sura, Jaroslav"]
[Black "Adams, Mark"]
[Result "1/2-1/2"]
[WhiteElo "2013"]
[BlackElo "1949"]
[PlyCount "39"]
[EventDate "2020.03.06"]
[EventRounds "7"]
[EventCountry "CZE"]
[WhiteTeam "HELMA 365"]
[BlackTeam "WALES SILURES"]

1. e4 c5 2. f4 Nc6 3. Nf3 e6 4. Bb5 Nge7 5. O-O a6 6. Be2 d5 7. d3 b5 8. Qe1 g6
9. Qc3 d4 10. Qxc5 Bb7 11. Qg5 Bg7 12. g4 Qc7 13. Bd2 h5 14. gxh5 Rxh5 15. Qg3
Rh8 16. a4 b4 17. Ng5 a5 18. Bg4 Nd8 19. Bd1 Qc6 20. Be1 1/2-1/2

[Event "FIDE World Senior Team Championship 202"]
[Site "Olympik hotel, Sokolovska 138"]
[Date "2020.03.10"]
[Round "5.4"]
[White "Hughes, Anthony"]
[Black "Ruzicka, Tomas"]
[Result "1/2-1/2"]
[WhiteElo "1885"]
[BlackElo "1748"]
[PlyCount "82"]
[EventDate "2020.03.06"]
[EventRounds "7"]
[EventCountry "CZE"]
[WhiteTeam "WALES SILURES"]
[BlackTeam "HELMA 365"]

1. e4 e5 2. Nf3 Nf6 3. Nc3 d6 4. d4 exd4 5. Nxd4 Nbd7 6. g3 Ne5 7. Bg2 Be7 8.
O-O O-O 9. b3 c6 10. Bb2 Bg4 11. f3 Bh5 12. Kh1 h6 13. Qd2 Bg6 14. Rad1 Qb6 15.
Na4 Qc7 16. c4 Rad8 17. Nc3 a6 18. Rc1 Qa5 19. Rfd1 d5 20. Nxd5 Qc5 21. b4 Qd6
22. c5 Qd7 23. Nxe7+ Qxe7 24. Qc2 Nd5 25. Qb3 Nc7 26. Ne2 Kh7 27. Nf4 f6 28.
Nxg6 Kxg6 29. Bh3 Kh7 30. f4 Nf7 31. Bg2 Rd7 32. Rxd7 Qxd7 33. Rd1 Qe7 34. Rd3
Rd8 35. Qd1 Rxd3 36. Qxd3 Qe6 37. Bf3 Qxa2 38. Qc2 Ne6 39. e5+ Kg8 40. Be4 fxe5
41. fxe5 Nfg5 1/2-1/2

[Event "FIDE World Senior Team Championship 202"]
[Site "Olympik hotel, Sokolovska 138"]
[Date "2020.03.11"]
[Round "6.1"]
[White "Zeidler, Sven P"]
[Black "Korenek, Frantisek"]
[Result "1-0"]
[WhiteElo "2170"]
[BlackElo "1952"]
[PlyCount "77"]
[EventDate "2020.03.06"]
[EventRounds "7"]
[EventCountry "CZE"]
[WhiteTeam "WALES SILURES"]
[BlackTeam "SK JOLY LYSA NAD LABEM"]

1. e4 c5 2. Nc3 Nc6 3. f4 g6 4. Nf3 Bg7 5. Bb5 Nd4 6. O-O a6 7. Bd3 d6 8. b3
Bg4 9. Be2 Nxe2+ 10. Qxe2 e6 11. f5 Nf6 12. h3 Bxf3 13. Qxf3 O-O 14. Bb2 Nd7
15. Rae1 Qg5 16. d3 Ne5 17. Qf4 Qxf4 18. Rxf4 Nd7 19. Nd1 Bd4+ 20. Kh1 Rac8 21.
Ref1 Bxb2 22. Nxb2 b5 23. Nd1 Nb6 24. Ne3 exf5 25. exf5 g5 26. Re4 Rfe8 27. Ng4
Kg7 28. Rfe1 Rxe4 29. Rxe4 h5 30. Nf2 Kf6 31. g4 d5 32. Re2 hxg4 33. Nxg4+ Kg7
34. Re7 Rc6 35. f6+ Kf8 36. Rb7 Ke8 37. Re7+ Kd8 38. Rxf7 Nd7 39. Rxd7+ 1-0

[Event "FIDE World Senior Team Championship 202"]
[Site "Olympik hotel, Sokolovska 138"]
[Date "2020.03.11"]
[Round "6.2"]
[White "Hejda, Antonin"]
[Black "Fletcher, John"]
[Result "0-1"]
[WhiteElo "1907"]
[BlackElo "1969"]
[PlyCount "80"]
[EventDate "2020.03.06"]
[EventRounds "7"]
[EventCountry "CZE"]
[WhiteTeam "SK JOLY LYSA NAD LABEM"]
[BlackTeam "WALES SILURES"]

1. Nf3 d5 2. d4 e6 3. Bf4 Bd6 4. Ne5 f6 5. Nd3 Bxf4 6. Nxf4 Nh6 7. e3 O-O 8.
Bd3 c6 9. c4 e5 10. Ne2 exd4 11. Nxd4 c5 12. Nf3 d4 13. e4 Nc6 14. h3 Nf7 15.
O-O Be6 16. b3 Qd6 17. Nh4 Qf4 18. Nf5 g6 19. g3 Qc7 20. Qg4 Kh8 21. Qh4 Nfe5
22. Be2 d3 23. Bd1 gxf5 24. exf5 Bxf5 25. g4 Ng6 26. Qh5 Be6 27. Nd2 Nf4 28.
Qh6 Qe5 29. Nf3 Qxa1 30. Qxf4 Ne5 31. Nh4 Qd4 32. Qh6 Rf7 33. Kh2 Rg8 34. f4
Nxg4+ 35. hxg4 Bxg4 36. Bxg4 Rxg4 37. Re1 Rg8 38. f5 d2 39. Rd1 Qf2+ 40. Kh1
Qe1+ 0-1

[Event "FIDE World Senior Team Championship 202"]
[Site "Olympik hotel, Sokolovska 138"]
[Date "2020.03.11"]
[Round "6.3"]
[White "Adams, Mark"]
[Black "Musil, Martin"]
[Result "1/2-1/2"]
[WhiteElo "1949"]
[BlackElo "1937"]
[PlyCount "121"]
[EventDate "2020.03.06"]
[EventRounds "7"]
[EventCountry "CZE"]
[WhiteTeam "WALES SILURES"]
[BlackTeam "SK JOLY LYSA NAD LABEM"]

1. e4 e6 2. d4 d5 3. Nc3 Nf6 4. Bg5 Be7 5. e5 Nfd7 6. h4 Bxg5 7. hxg5 Qxg5 8.
Qd3 Qg6 9. Qd2 f5 10. Nh3 Qf7 11. O-O-O Nf8 12. Be2 Bd7 13. Nf4 Nc6 14. Bh5 g6
15. Bf3 O-O-O 16. Rh2 h5 17. g4 fxg4 18. Bxg4 Rg8 19. Be2 Nh7 20. Qe3 Rdf8 21.
Nd3 Ne7 22. f4 Nf5 23. Qg1 Qe7 24. Rg2 Be8 25. Bxh5 Nxd4 26. Qxd4 gxh5 27. Rxg8
Rxg8 28. Qxa7 b6 29. Qa8+ Kd7 30. Nxd5 Qf8 31. Nxb6+ Ke7 32. Qb7 Kf7 33. Qxc7+
Kg6 34. Qd6 Qf7 35. Nd5 Kh6 36. Nc3 Rg2 37. Qd4 Qf5 38. Qe4 Qh3 39. Ne1 Rf2 40.
Nd3 Rg2 41. Ne1 Rf2 42. Qd4 Rh2 43. Ne4 Bg6 44. Ng5 Qf5 45. Nd3 Nxg5 46. fxg5+
Qxg5+ 47. Kb1 Bxd3 48. cxd3 Rh4 49. Qc5 Rf4 50. Qc8 Qg6 51. Qh8+ Kg5 52. Qd8+
Kh6 53. Qd6 Qg4 54. Rc1 Qf5 55. Rc6 Kg5 56. Qd8+ Kg4 57. Rc1 Rf1 58. Rxf1 Qxf1+
59. Kc2 Qe2+ 60. Kb3 Qxe5 61. Qg8+ 1/2-1/2

[Event "FIDE World Senior Team Championship 202"]
[Site "Olympik hotel, Sokolovska 138"]
[Date "2020.03.11"]
[Round "6.4"]
[White "Postupa, Pavel"]
[Black "Hughes, Anthony"]
[Result "1-0"]
[WhiteElo "1936"]
[BlackElo "1885"]
[PlyCount "71"]
[EventDate "2020.03.06"]
[EventRounds "7"]
[EventCountry "CZE"]
[WhiteTeam "SK JOLY LYSA NAD LABEM"]
[BlackTeam "WALES SILURES"]

1. e4 Nf6 2. e5 Nd5 3. d4 d6 4. Nf3 dxe5 5. Nxe5 c6 6. Bc4 Nd7 7. Nd3 N7f6 8.
Ne5 g6 9. Bb3 Bg7 10. c4 Nc7 11. Nc3 Be6 12. Be3 O-O 13. Rc1 Nd7 14. Nf3 Nb6
15. Ne4 Bg4 16. h3 Bxf3 17. gxf3 e5 18. dxe5 Bxe5 19. Qxd8 Raxd8 20. Nc5 Bxb2
21. Rc2 Ba3 22. Nxb7 Rd7 23. Ke2 Ne6 24. Na5 c5 25. Nc6 Re8 26. Kf1 f6 27. Rd2
Rxd2 28. Bxd2 a6 29. Kg2 Bb2 30. Rb1 Bd4 31. Nxd4 Nxd4 32. Be3 Ne6 33. Rd1 Kf7
34. Rd6 Rb8 35. Rc6 Ke8 36. Rxe6+ 1-0

[Event "FIDE World Senior Team Championship 202"]
[Site "Olympik hotel, Sokolovska 138"]
[Date "2020.03.12"]
[Round "7.1"]
[White "Priedite, Ingrida"]
[Black "Zeidler, Sven P"]
[Result "0-1"]
[WhiteElo "2038"]
[BlackElo "2170"]
[PlyCount "102"]
[EventDate "2020.03.06"]
[EventRounds "7"]
[EventCountry "CZE"]
[WhiteTeam "LATVIA WOMEN"]
[BlackTeam "WALES SILURES"]

1. c4 f5 2. Nc3 Nf6 3. g3 g6 4. Bg2 Bg7 5. e3 O-O 6. Nge2 e5 7. O-O d6 8. d3 c6
9. f4 Be6 10. Rb1 Na6 11. b3 Re8 12. Qd2 Bf7 13. Kh1 Ng4 14. e4 exf4 15. Nxf4
fxe4 16. dxe4 Qb6 17. h3 Ne5 18. Bb2 Qa5 19. Rbd1 Bxc4 20. Rfe1 Nc5 21. Qc2 Bf7
22. Rxd6 Qb4 23. Rd2 g5 24. Nfe2 g4 25. Nf4 Rad8 26. Rxd8 Rxd8 27. Rd1 Re8 28.
hxg4 Nxg4 29. Qe2 h5 30. Rc1 Rd8 31. Bf3 Ne5 32. Bxh5 Bxh5 33. Nxh5 Ned3 34.
Rf1 Nxb2 35. Qxb2 Nd3 36. Qd2 Qxc3 37. Qg5 Rf8 38. Nf4 Nxf4 39. Rxf4 Rxf4 40.
Qxf4 Qe5 41. Kg2 Qxf4 42. gxf4 Kf7 43. Kf3 Ke6 44. Kg4 c5 45. Kf3 b5 46. Ke3
Bh6 47. Kf3 Kd6 48. Ke3 Kc6 49. Kf3 c4 50. bxc4 bxc4 51. Ke3 Kc5 0-1

[Event "FIDE World Senior Team Championship 202"]
[Site "Olympik hotel, Sokolovska 138"]
[Date "2020.03.12"]
[Round "7.2"]
[White "Morris, Charles F"]
[Black "Ungure, Liga"]
[Result "1/2-1/2"]
[WhiteElo "2073"]
[BlackElo "1923"]
[PlyCount "73"]
[EventDate "2020.03.06"]
[EventRounds "7"]
[EventCountry "CZE"]
[WhiteTeam "WALES SILURES"]
[BlackTeam "LATVIA WOMEN"]

1. c4 e5 2. g3 Nc6 3. Nc3 g6 4. Bg2 Bg7 5. e4 d6 6. d3 Nge7 7. Nge2 O-O 8. O-O
Nd4 9. Nxd4 exd4 10. Ne2 Rb8 11. a4 a5 12. Bd2 c5 13. Qc1 Nc6 14. Bg5 f6 15.
Bd2 Ne5 16. Ra3 f5 17. f4 Nf7 18. Kh1 b6 19. Ng1 Qd7 20. Qd1 Bb7 21. exf5 Qxf5
22. Bxb7 Rxb7 23. Qf3 Qd7 24. Qd5 Kh8 25. Re1 Nd8 26. Nf3 Qc6 27. Qxc6 Nxc6 28.
Raa1 Re7 29. Ng5 Kg8 30. Kg2 Rd8 31. Rxe7 Nxe7 32. Re1 Bf8 33. g4 h6 34. Ne6
Rd7 35. b3 Bg7 36. Kf3 Kf7 37. Nxg7 1/2-1/2

[Event "FIDE World Senior Team Championship 202"]
[Site "Olympik hotel, Sokolovska 138"]
[Date "2020.03.12"]
[Round "7.3"]
[White "Goldmane, Astra"]
[Black "Fletcher, John"]
[Result "1/2-1/2"]
[WhiteElo "2015"]
[BlackElo "1969"]
[PlyCount "40"]
[EventDate "2020.03.06"]
[EventRounds "7"]
[EventCountry "CZE"]
[WhiteTeam "LATVIA WOMEN"]
[BlackTeam "WALES SILURES"]

1. e4 c5 2. Nf3 e6 3. c3 d5 4. exd5 exd5 5. d4 Nc6 6. Bb5 Bd6 7. Bg5 Nge7 8.
Ne5 f6 9. Bxf6 O-O 10. Bh4 Qc7 11. Nf3 Bg4 12. dxc5 Bxh2 13. Be2 Bxf3 14. Bxf3
Rae8 15. Kf1 Qf4 16. g3 Bxg3 17. Bxg3 Qxf3 18. Qxf3 Rxf3 19. Nd2 Rf7 20. Re1
Ref8 1/2-1/2

[Event "FIDE World Senior Team Championship 202"]
[Site "Olympik hotel, Sokolovska 138"]
[Date "2020.03.12"]
[Round "7.4"]
[White "Hughes, Anthony"]
[Black "Harlinska, Sandra"]
[Result "1/2-1/2"]
[WhiteElo "1885"]
[BlackElo "1817"]
[PlyCount "39"]
[EventDate "2020.03.06"]
[EventRounds "7"]
[EventCountry "CZE"]
[WhiteTeam "WALES SILURES"]
[BlackTeam "LATVIA WOMEN"]

1. d4 Nf6 2. Nf3 g6 3. g3 Bg7 4. Bg2 d6 5. O-O O-O 6. b3 c5 7. Bb2 Nbd7 8. Re1
Qc7 9. c4 Rb8 10. Nc3 a6 11. e4 e6 12. Qe2 b6 13. Rad1 Bb7 14. h3 Rfd8 15. Rd2
d5 16. exd5 exd5 17. dxc5 dxc4 18. Qxc4 b5 19. Qh4 Nxc5 20. Red1 1/2-1/2